000 01719nam a2200253 a 4500
008 120416s1965 ||||||||||||||||| || u
050 _aQE 28.2 Hol
100 _aHolmes, Arthur, 1890-1965
245 1 0 _aPrinciples of physical geology
250 _a2nd ed.
260 _aNew York
_bNelson
_c1965
300 _axv, 1288p. : ill
350 _a0.00
650 _aPHYSICAL GEOLOGY
650 _aGEOLOGY--STUDY AND TEACHING
995 _aANNEX COLLECTION (Main Library)
_D0.00
_e713406
_FCBU-MAIN LIBRARY (Kitwe)
_H2
_I5.75
_jQE 28.2 HOL
_M3
_UAVAILABLE
_y026908
_ZAnnex Low-Usage Collection
995 _aBINDERY (DAMAGED)
_D0.00
_e718276
_FCBU-MAIN LIBRARY (Kitwe)
_H1
_I5.75
_jQE 28.2 HOL
_M2
_UDAMAGED
_y012573
_ZMain Library Open Access Collection
995 _aTEXTBOOKS (MIN.ENG.)
_D0.00
_e03211
_FCBU-SCHOOL TEXTBOOK COLLECTIONS
_H1
_I0.00
_jSCHOOL TEXTBOOK
_M4
_UAVAILABLE
_WAug 12, 2009
_y03211
_ZSchool Collections
995 _aTEXTBOOKS (MIN.ENG.)
_D0.00
_e03215
_FCBU-SCHOOL TEXTBOOK COLLECTIONS
_H1
_I0.00
_jSCHOOL TEXTBOOK
_M8
_UAVAILABLE
_WAug 12, 2009
_y03215
_ZSchool Collections
995 _aTEXTBOOKS (MIN.ENG.)
_D0.00
_e03213
_FCBU-SCHOOL TEXTBOOK COLLECTIONS
_H1
_I0.00
_jSCHOOL TEXTBOOK
_M6
_UAVAILABLE
_WAug 12, 2009
_y03213
_ZSchool Collections
995 _aTEXTBOOKS (MIN.ENG.)
_D0.00
_e03212
_FCBU-SCHOOL TEXTBOOK COLLECTIONS
_H1
_I0.00
_jSCHOOL TEXTBOOK
_M5
_UAVAILABLE
_WAug 12, 2009
_y03212
_ZSchool Collections
995 _aTEXTBOOKS (MIN.ENG.)
_D0.00
_e03214
_FCBU-SCHOOL TEXTBOOK COLLECTIONS
_H1
_I0.00
_jSCHOOL TEXTBOOK
_M7
_UAVAILABLE
_WAug 12, 2009
_y03214
_ZSchool Collections
995 _aANNEX COLLECTION (Main Library)
_D0.00
_e720437
_FCBU-MAIN LIBRARY (Kitwe)
_H3
_I5.75
_jQE 28.2 HOL
_M1
_UAVAILABLE
_y012572
_ZAnnex Low-Usage Collection
999 _c77351
_d77351